Manual del discipulado : (Registro nro. 52108)

Detalles MARC
000 -LEADER
campo de control de longitud fija 02489cam a22004934i 4500
003 - IDENTIFICADOR DE NÚMERO DE CONTROL
campo de control PE-LiUPU
005 - FECHA Y HORA DE LA ÚLTIMA TRANSACCIÓN
campo de control 20250731173402.0
008 - DATOS DE LONGITUD FIJA--INFORMACIÓN GENERAL
campo de control de longitud fija 150706s2006 sp rb 000 0 spa d
020 ## - NÚMERO INTERNACIONAL ESTÁNDAR DEL LIBRO
Número Internacional Estándar del Libro 9788482675022
035 ## - NÚMERO DE CONTROL DEL SISTEMA
Número de control de sistema (Sirsi) i9788482675022
040 ## - FUENTE DE CATALOGACIÓN
Centro catalogador/agencia de origen PE-LiUPU
Lengua de catalogación spa
Centro/agencia transcriptor PE-LiUPU
Normas de descripción rda
049 ## - FONDOS LOCALES (OCLC)
Biblioteca depositaria PRUA
082 04 - NÚMERO DE LA CLASIFICACIÓN DECIMAL DEWEY
Número de clasificación 248.4071
Cutter O37
Número de edición 21
100 1# - ENTRADA PRINCIPAL--NOMBRE DE PERSONA
Nombre de persona Ogden, Gregory J.,
Término indicativo de función/relación autor.
245 10 - MENCIÓN DEL TÍTULO
Título Manual del discipulado :
Resto del título creciendo y ayudando a otros a crecer /
Mención de responsabilidad, etc. Gregory J. Ogden ; [traducción, Dorcas González Ballester] .
264 #1 - PRODUCCIÓN, PUBLICACIÓN, DISTRIBUCIÓN, FABRICACIÓN Y COPYRIGHT
Producción, publicación, distribución, fabricación y copyright Viladecavalls :
Nombre del de productor, editor, distribuidor, fabricante Clie,
Fecha de producción, publicación, distribución, fabricación o copyright 2006.
300 ## - DESCRIPCIÓN FÍSICA
Extensión 289 páginas ;
Dimensiones 23 centímetros.
336 ## - TIPO DE CONTENIDO
Término de tipo de contenido text
Fuente rdacontent
337 ## - TIPO DE MEDIO
Nombre/término del tipo de medio unmediated
Fuente rdamedia
338 ## - TIPO DE SOPORTE
Nombre/término del tipo de soporte volume
Fuente rdacarrier
490 0# - MENCIÓN DE SERIE
Mención de serie Colección teológica contemporánea. Estudios ministeriales ;
Designación de volumen o secuencia 20
504 ## - NOTA DE BIBLIOGRAFÍA, ETC.
Nota de bibliografía, etc. Incluye bibliografía en español e inglés.
505 0# - NOTA DE CONTENIDO CON FORMATO
Nota de contenido con formato Creciendo en Cristo -- Hacer discípulos -- Ser un discípulo -- El tiempo devocional -- El estudio bíblico -- La oración -- La adoración -- Entendiendo el mensaje de Cristo -- Dios en tres personas -- Hechos a imagen de Dios ¿Cómo vamos? revisión del pacto -- El pecado -- La gracia -- La redención -- La justificación -- La adopción -- Siendo como Cristo -- Llenos del Espíritu Santo -- El fruto del Espíritu Santo -- La confianza ¿Cómo vamos? revisión del pacto -- El amor -- La justicia -- El testimonio -- Sirviendo a Cristo -- La iglesia -- Los dones ministeriales -- La guerra espiritual -- Andar en obediencia -- Compartir la riqueza espiritual -- Construye un ministerio de discipulado.
526 ## - NOTA DE INFORMACIÓN SOBRE EL PROGRAMA DE ESTUDIO
Nombre del programa Segunda Especialidad En Profecías Bíblicas
526 ## - NOTA DE INFORMACIÓN SOBRE EL PROGRAMA DE ESTUDIO
Nombre del programa Segunda Especialidad En Nuevo Testamento
526 ## - NOTA DE INFORMACIÓN SOBRE EL PROGRAMA DE ESTUDIO
Nombre del programa Segunda Especialidad En Antiguo Testamento
526 ## - NOTA DE INFORMACIÓN SOBRE EL PROGRAMA DE ESTUDIO
Nombre del programa Segunda Especialidad En Estudios Adventistas
526 ## - NOTA DE INFORMACIÓN SOBRE EL PROGRAMA DE ESTUDIO
Nombre del programa Doctorado en teología
526 ## - NOTA DE INFORMACIÓN SOBRE EL PROGRAMA DE ESTUDIO
Nombre del programa Maestría en teología histórica
526 ## - NOTA DE INFORMACIÓN SOBRE EL PROGRAMA DE ESTUDIO
Nombre del programa Maestría en teología bíblica
526 ## - NOTA DE INFORMACIÓN SOBRE EL PROGRAMA DE ESTUDIO
Nombre del programa Maestría en teología
526 ## - NOTA DE INFORMACIÓN SOBRE EL PROGRAMA DE ESTUDIO
Nombre del programa Maestría en misionología
526 ## - NOTA DE INFORMACIÓN SOBRE EL PROGRAMA DE ESTUDIO
Nombre del programa Maestría en liderazgo eclesiástico
526 ## - NOTA DE INFORMACIÓN SOBRE EL PROGRAMA DE ESTUDIO
Nombre del programa Teología
541 ## - NOTA DE FUENTE DE ADQUISICIÓN DIRECTA
-- 001-0000515;
596 ## -
-- 1
650 04 - PUNTO DE ACCESO ADICIONAL DE MATERIA--TÉRMINO DE MATERIA
Término de materia o nombre geográfico como elemento de entrada Vida cristiana.
650 04 - PUNTO DE ACCESO ADICIONAL DE MATERIA--TÉRMINO DE MATERIA
Término de materia o nombre geográfico como elemento de entrada Crecimiento de la Iglesia.
700 1# - ENTRADA AGREGADA--NOMBRE PERSONAL
Nombre de persona Gónzales Bataller, Dorcas,
Término indicativo de función/relación traductor
942 ## - ELEMENTOS DE ENTRADA SECUNDARIOS (KOHA)
Fuente del sistema de clasificación o colocación Clasificación Decimal Dewey
Tipo de ítem Koha
949 ## - PROCESAMIENTO DE INFORMACIÓN LOCAL (OCLC)
a 248.4071 O37
w DEWEY
c 1
i 63093
l CCODEBUL1
m BUL
p 16.00
r 0
s Y
t BOOK
u 2015-7-6
x TEOLOGIA
-- P35
o .STAFF. Colección Teología
994 ## -
-- C0
-- PEPRU
999 ## - NÚMEROS DE CONTROL DE SISTEMA (KOHA)
-- DEWEY
-- 63093
-- 2019-5-14
-- 2021-11-10
-- 5
-- CCODEBUL1
-- BUL
-- 21
-- 16.00
-- 7
-- 0
-- Y
-- BOOK
-- 2015-7-6
-- TEOLOGIA
-- P35
-- COMPRA
-- .STAFF. Colección Teología
980 ## - EQUIVALENCIA O REFERENCIA-CRUZADA-MENCIÓN DE SERIE--NOMBRE DE PERSONA/TÍTULO [LOCAL, CANADÁ]
ID del último usuario que modificó el registro 1
Nombre del último usuario que modificó el registro ALBERTO SANCHEZ Responsable de Automatización
Existencias
Visto por última vez Número de inventario Total de préstamos Signatura topográfica completa Código de barras Fecha del último préstamo Copia número Coste, precio de reemplazo Fecha de reemplazo Facultad Tipo de ítem Koha Nota pública Estado de pérdida Fuente del sistema de clasificación o colocación Restricciones de uso No para préstamo Colección Programa académico Biblioteca de origen Biblioteca actual Ubicación en estantería Fecha de adquisición Fuente de adquisición Coste, precio normal de compra
2025-12-03 6 21 248.4071 O37 63093 2019-05-14 e1 21.00 2015-07-06   Libros físicos inventario-2023-12-13 No Perdido Clasificación Decimal Dewey No restringido Disponible para préstamos Colección General Teología Biblioteca CRAI UPeU Lima Biblioteca CRAI UPeU Lima Sala principal 2015-07-06 COMPRA 16.00